GETS Theological Seminary Library

菲利普二世时代的地中海和地中海世界: (Record no. 21116)

MARC details
000 -LEADER
fixed length control field 01157nam a2200277Ia 4500
008 - FIXED-LENGTH DATA ELEMENTS--GENERAL INFORMATION
fixed length control field 200826s9999||||xx |||||||||||||| ||und||
020 ## - INTERNATIONAL STANDARD BOOK NUMBER
International Standard Book Number 7100082161
020 ## - INTERNATIONAL STANDARD BOOK NUMBER
International Standard Book Number 9787100082167
041 ## - LANGUAGE CODE
Language code of text/sound track or separate title chi
Language code of original fre
050 ## - LIBRARY OF CONGRESS CALL NUMBER
Classification number D973.A3
Item number .B7 2012
100 ## - MAIN ENTRY--PERSONAL NAME
Personal name Braudel, Fernand
245 #0 - TITLE STATEMENT
Title 菲利普二世时代的地中海和地中海世界:
Remainder of title 第二卷 = La Méditerranée et le monde méditerranéen à l'époque de Philippe I /
Statement of responsibility, etc. 费尔南·布罗代尔 (Fernand Braudel) 著; 唐家龙, 曾培耿等译
246 ## - VARYING FORM OF TITLE
Title proper/short title 菲利普二世時代的地中海和地中海世界 :
Remainder of title 第二卷= La Méditerranée et le monde méditerranéen à l'époque de Philippe II /
260 ## - PUBLICATION, DISTRIBUTION, ETC.
Place of publication, distribution, etc. 北京:
Name of publisher, distributor, etc. 商务印书馆,
Date of publication, distribution, etc. 2011
300 ## - PHYSICAL DESCRIPTION
Extent 2 v.
Other physical details ;
Dimensions 21 cm.
490 ## - SERIES STATEMENT
Series statement 汉译世界学术名著丛书
500 ## - GENERAL NOTE
General note Translation of: La Méditerranée et le monde méditerranéen à l'époque de Philippe II.
650 ## - SUBJECT ADDED ENTRY--TOPICAL TERM
Topical term or geographic name entry element Human geography -- Mediterranean Region.
650 ## - SUBJECT ADDED ENTRY--TOPICAL TERM
Topical term or geographic name entry element Human geography.
650 ## - SUBJECT ADDED ENTRY--TOPICAL TERM
Topical term or geographic name entry element Mediterranean Region -- History.
700 ## - ADDED ENTRY--PERSONAL NAME
Personal name 唐家龙
700 ## - ADDED ENTRY--PERSONAL NAME
Personal name 曾培耿
700 ## - ADDED ENTRY--PERSONAL NAME
Personal name 费尔南·布罗代尔
949 ## - LOCAL PROCESSING INFORMATION (OCLC)
v v.2
Holdings
Withdrawn status Lost status Damaged status Not for loan Home library Current library Shelving location Date acquired Total Checkouts Full call number Barcode Date last seen Price effective from Koha item type
        GETS Theological Seminary Library GETS Theological Seminary Library General Stacks 08/26/2020   D973.A2 .B7 2011 v.2 00008731 08/26/2020 08/26/2020 Chinese Book
OpacCredits

Contact the Librarian, GETS Library
Email: library@mygets.org









Implemented by GETS Library
(Powered by ETCA Professional Group)
GETS Theological Seminary
412 E. Rowland Street, CA 91723